000 00424nam a2200157Ia 4500
005 20250417142242.0
008 231217s9999 xx 000 0 und d
020 _a9788131403358
082 _a323.64 RED;1 R
100 _aReddy, Sumati ed.
245 0 _aExpatriate management : perspectives and challenges
260 _c2006
_bIcfai
_aHyderabad
300 _axi, 276
650 _aExpatriate,management
942 _cAA
999 _c188604
_d188604